[Event "Challenge"]
[Site "http://www.queenalice.com/game.php?id=1005304"]
[Date "2011.11.5"]
[Round "-"]
[White "Ivan1955"]
[Black "Haso"]
[Result "1-0"]
[WhiteElo "1787"]
[BlackElo "1416"]

1. d4 Nf6 2. c4 g6 3. Nc3 Bg7 4. e4 d6 5. Nf3 O-O 6. Be2 e5 7. Be3 Nc6 8. d5 Ne7
9. h3 Ne8 10. g4 h6 11. Qd2 Kh7 12. O-O-O a5 13. Kb1 a4 14. a3 Bd7 15. h4 c6 16.
c5 Qa5 17. dxc6 bxc6 18. Qc2 Nc8 19. h5 g5 20. Nd2 Rb8 21. Nc4 Qa7 22. cxd6 1-0

[Event "Challenge"]
[Site "http://www.queenalice.com/game.php?id=1005305"]
[Date "2011.11.5"]
[Round "-"]
[White "Haso"]
[Black "Ivan1955"]
[Result "0-1"]
[WhiteElo "1406"]
[BlackElo "1864"]

1. f4 d5 2. Nf3 Nf6 3. e3 g6 4. b3 Bg7 5. Bb2 O-O 6. Be2 c5 7. O-O Nc6 8. d3 d4
9. e4 Ng4 10. Qd2 Bh6 11. c3 e5 12. Na3 Bxf4 13. Qe1 Ne3 0-1

[Event "Challenge"]
[Site "http://www.queenalice.com/game.php?id=1005312"]
[Date "2011.11.5"]
[Round "-"]
[White "Ivan1955"]
[Black "Rexy"]
[Result "1-0"]
[WhiteElo "1864"]
[BlackElo "1500"]

1. e4 Nf6 2. e5 Nd5 3. d4 d6 4. Nf3 Bg4 5. Be2 g6 6. O-O Bxf3 7. Bxf3 c6 8. c4
Nc7 9. Qb3 b6 10. exd6 Qxd6 11. c5 1-0

[Event "Challenge"]
[Site "http://www.queenalice.com/game.php?id=1005313"]
[Date "2011.11.5"]
[Round "-"]
[White "Ivan1955"]
[Black "Rexy"]
[Result "1-0"]
[WhiteElo "1941"]
[BlackElo "1482"]

1. d4 Nf6 2. c4 g6 3. Nc3 Bg7 4. e4 d6 5. Nf3 O-O 6. Be2 Bg4 7. Be3 Nbd7 8. h3
Bxf3 9. Bxf3 e5 10. d5 a5 11. O-O b6 12. a3 Nc5 13. Qc2 Nfd7 14. b4 Nb7 15. Qd2
f5 16. exf5 gxf5 17. Bg5 Qe8 18. Rae1 Bf6 19. Bh6 Bg7 20. Bxg7 Kxg7 21. Bd1 Kh8
22. f4 Qg6 23. Ba4 Rf7 24. Bc6 Rb8 25. Nb5 Qf6 26. Nxc7 1-0

[Event "Challenge"]
[Site "http://www.queenalice.com/game.php?id=1005314"]
[Date "2011.11.5"]
[Round "-"]
[White "Rexy"]
[Black "Ivan1955"]
[Result "0-1"]
[WhiteElo "1482"]
[BlackElo "1997"]

1. e4 c5 2. Nf3 Nc6 3. d4 cxd4 4. Nxd4 Nf6 5. Nc3 e5 6. Ndb5 d6 7. Nd5 Nxd5 8.
exd5 Nb8 9. c4 a6 10. Nc3 Be7 11. Be2 O-O 12. O-O f5 13. f4 Nd7 14. Kh1 Bf6 15.
g3 Re8 16. Bd2 exf4 17. gxf4 Nc5 18. Bh5 g6 19. Be2 Qe7 20. b4 Ne4 21. Nxe4 Bxa1
22. Qxa1 fxe4 23. Qd4 e3 0-1

[Event "Challenge"]
[Site "http://www.queenalice.com/game.php?id=1005315"]
[Date "2011.11.5"]
[Round "-"]
[White "Rexy"]
[Black "Ivan1955"]
[Result "0-1"]
[WhiteElo "1482"]
[BlackElo "1997"]

1. e4 e5 2. Nf3 Nc6 3. Bb5 a6 4. Ba4 Nf6 5. O-O Be7 6. Re1 b5 7. Bb3 d6 8. d3
Na5 9. Nbd2 c5 10. c3 Nxb3 11. axb3 O-O 12. Nf1 h6 13. h3 Be6 14. Ng3 Re8 15.
Be3 Qd7 16. Nh4 Nxe4 17. dxe4 Bxh4 18. Qc2 Bxg3 19. fxg3 a5 0-1

[Event "Challenge"]
[Site "http://www.queenalice.com/game.php?id=1005316"]
[Date "2011.11.5"]
[Round "-"]
[White "Ivan1955"]
[Black "Pato"]
[Result "1-0"]
[WhiteElo "1941"]
[BlackElo "2181"]

1. e4 e5 2. Nf3 Qe7 3. Nc3 c6 4. d4 d6 5. Bc4 Bg4 6. Be3 Nf6 7. h3 Bxf3 8. Qxf3
g6 9. dxe5 dxe5 10. g4 Bg7 11. O-O-O O-O 12. h4 b5 13. Bb3 a5 14. a4 Na6 15. h5
Nc5 16. Bxc5 Qxc5 17. hxg6 hxg6 18. g5 Nh5 19. Rxh5 gxh5 20. Rd7 1-0

[Event "Challenge"]
[Site "http://www.queenalice.com/game.php?id=1005317"]
[Date "2011.11.5"]
[Round "-"]
[White "Pato"]
[Black "Ivan1955"]
[Result "0-1"]
[WhiteElo "2181"]
[BlackElo "1970"]

1. e4 c5 2. d4 cxd4 3. c3 dxc3 4. Bc4 cxb2 5. Bxb2 e6 6. Nc3 d6 7. Nf3 a6 8. O-O
b5 9. Bb3 Nd7 10. e5 dxe5 11. Ne4 Bb7 12. Nd6+ Bxd6 13. Qxd6 Bxf3 14. gxf3 Ne7
15. Rad1 Nf5 16. Qb4 Qh4 17. Qg4 h5 0-1

[Event "Let's Play Chess!"]
[Site "http://www.queenalice.com/game.php?id=1005319"]
[Date "2011.11.5"]
[Round "-"]
[White "Ivan1955"]
[Black "Munhoz"]
[Result "1-0"]
[WhiteElo "1795"]
[BlackElo "1740"]

1. e4 e5 2. Nf3 Nf6 3. d4 Nxe4 4. Bd3 d5 5. dxe5 Bc5 6. Bxe4 dxe4 7. Qxd8+ Kxd8
8. Ng5 Ke8 9. Nxe4 Bd4 10. O-O Bxe5 11. Re1 Nc6 12. Na3 b6 13. c3 Bb7 14. f4 f6
15. fxe5 fxe5 16. Bg5 a6 17. Nc4 Kf8 18. Rad1 b5 19. Rf1+ Ke8 20. Ncd6+ cxd6 21.
Nxd6+ 1-0

[Event "Let's Play Chess!"]
[Site "http://www.queenalice.com/game.php?id=1005349"]
[Date "2011.11.5"]
[Round "-"]
[White "Publio"]
[Black "Ivan1955"]
[Result "0-1"]
[WhiteElo "1822"]
[BlackElo "1926"]

1. e4 c5 2. e5 Nc6 3. Nf3 Qc7 4. d4 cxd4 5. Bf4 Nf6 6. Nxd4 Nxe5 7. Bxe5 Qxe5+
8. Be2 e6 9. O-O Bc5 10. c3 O-O 11. Nf3 Qc7 12. b4 Be7 13. a3 d5 14. Nbd2 Qxc3
15. Bb5 a6 16. Ba4 a5 17. Qe2 axb4 18. Rfc1 Rxa4 19. Rxc3 bxc3 20. Nb3 Bd7 21.
Ne5 Re4 22. Qd3 Rxe5 23. Qxc3 Re2 24. f3 Rc8 25. Qd3 Rcc2 26. Rc1 Rxg2+ 27. Kf1
Rcf2+ 28. Ke1 Ng4 29. fxg4 Bh4 30. Qg3 Bxg3 31. hxg3 Ra2 32. Kf1 Bb5+ 33. Ke1
Rg1# 0-1

[Event "Challenge"]
[Site "http://www.queenalice.com/game.php?id=1005957"]
[Date "2011.11.7"]
[Round "-"]
[White "Ivan1955"]
[Black "Publio"]
[Result "1-0"]
[WhiteElo "1868"]
[BlackElo "1822"]

1. e4 e5 2. Nf3 d6 3. d4 f6 4. Bc4 Bg4 5. c3 Bxf3 6. gxf3 g5 7. f4 exf4 8. Qh5+
Kd7 9. Qg4+ Ke8 10. Qe6+ Qe7 11. Qc8+ Qd8 12. Bf7+ Kxf7 13. Qxd8 Ne7 14. Na3 Bg7
15. Qxc7 Nc6 16. Nb5 d5 17. exd5 Rac8 18. Nd6+ Kg6 19. h4 Rxc7 20. h5+ Kh6 21.
Nf7# 1-0

[Event "Rematch"]
[Site "http://www.queenalice.com/game.php?id=1006039"]
[Date "2011.11.7"]
[Round "-"]
[White "Munhoz"]
[Black "Ivan1955"]
[Result "0-1"]
[WhiteElo "1758"]
[BlackElo "1908"]

1. f4 d5 2. Nf3 Nf6 3. e3 g6 4. Bb5+ c6 5. Be2 Bg7 6. O-O O-O 7. Nc3 c5 8. d4
cxd4 9. exd4 Nc6 10. Be3 Ng4 11. Qd2 Nxe3 12. Qxe3 Bf5 13. Bd3 Bxd3 14. Qxd3 e6
15. Kh1 Rc8 16. a3 Na5 17. Ne2 Nc4 18. b3 Nd6 19. Rac1 Qa5 20. a4 Rc7 21. c3
Rfc8 22. Ng5 h6 23. Nf3 Ne4 24. c4 f5 25. Ne5 Bxe5 26. fxe5 dxc4 27. bxc4 Qd2
28. Qxd2 Nxd2 29. Rfd1 Ne4 30. Kg1 Rxc4 31. Ra1 Rc2 32. Nf4 Kf7 33. d5 exd5 34.
Rxd5 Rc1+ 35. Rd1 Rxa1 36. Rxa1 g5 37. Nd3 Ke6 38. Ra3 b6 39. a5 b5 40. Rb3 Rc3
41. Rxc3 Nxc3 42. Kf2 Nd5 43. h3 Ne7 44. g4 fxg4 45. hxg4 Nc6 46. Ke3 Nxe5 47.
Kd4 Nxd3 48. Kxd3 b4 49. Kc4 Ke5 50. Kxb4 Kf4 51. Kb5 Kxg4 52. Ka6 h5 53. Kxa7
h4 54. a6 h3 55. Kb7 h2 56. a7 h1=Q+ 57. Kb8 Kf5 58. a8=Q Qxa8+ 0-1

[Event "Let's Play Chess!"]
[Site "http://www.queenalice.com/game.php?id=1006707"]
[Date "2011.11.9"]
[Round "-"]
[White "Ivan1955"]
[Black "melquisedeque"]
[Result "1-0"]
[WhiteElo "2008"]
[BlackElo "1917"]

1. e4 c5 2. Nf3 Nc6 3. d4 cxd4 4. Nxd4 d6 5. c4 e5 6. Nc2 Be6 7. Be2 Be7 8. Nc3
Nf6 9. O-O Qc7 10. Qd3 a6 11. Nd5 Qd8 12. Rd1 O-O 13. Be3 Bxd5 14. cxd5 Na7 15.
a4 Nc8 16. Na3 Nd7 17. Nc4 Ncb6 18. Nxb6 Nxb6 19. Qb3 Nd7 20. Qxb7 f5 21. exf5
Rxf5 22. Bg4 Rb8 23. Qc6 Rc8 24. Bxf5 Rxc6 25. dxc6 1-0

[Event "Challenge"]
[Site "http://www.queenalice.com/game.php?id=1006762"]
[Date "2011.11.9"]
[Round "-"]
[White "Ivan1955"]
[Black "Haso"]
[Result "1-0"]
[WhiteElo "1941"]
[BlackElo "1406"]

1. e4 b6 2. d4 Bb7 3. Bd3 e6 4. Nf3 c5 5. O-O Nf6 6. e5 Nd5 7. dxc5 Bxc5 8. a3
f5 9. b4 Be7 10. c4 Nc7 11. Be2 Nc6 12. Nc3 O-O 13. Ra2 Rc8 14. Rd2 Nb8 15. Nd4
Nc6 16. Nxe6 Nxe6 17. Rxd7 Nxe5 18. Rxb7 Bf6 19. Nb5 a6 20. Nd6 1-0

[Event "Let's Play Chess!"]
[Site "http://www.queenalice.com/game.php?id=1006956"]
[Date "2011.11.15"]
[Round "-"]
[White "Ivan1955"]
[Black "P17"]
[Result "1-0"]
[WhiteElo "2050"]
[BlackElo "2212"]

1. e4 c5 2. Nf3 Nc6 3. d4 cxd4 4. Nxd4 Nf6 5. Nc3 e5 6. Ndb5 d6 7. Bg5 a6 8. Na3
b5 9. Bxf6 gxf6 10. Nd5 f5 11. c3 Bg7 12. exf5 Bxf5 13. Nc2 O-O 14. Nce3 Be6 15.
Bd3 f5 16. O-O b4 17. Rc1 bxc3 18. Rxc3 Nd4 19. Nc7 f4 20. Nc2 Bxa2 21. Nxa8
Qxa8 22. Nxd4 exd4 23. Qh5 h6 24. Rc7 Rf6 25. Qg4 1-0

[Event "Let's Play Chess!"]
[Site "http://www.queenalice.com/game.php?id=1007099"]
[Date "2011.11.15"]
[Round "-"]
[White "P17"]
[Black "Ivan1955"]
[Result "0-1"]
[WhiteElo "2203"]
[BlackElo "2072"]

1. f4 d5 2. c4 d4 3. d3 Nf6 4. Nf3 c5 5. b4 cxb4 6. a3 e6 7. axb4 Bxb4+ 8. Bd2
Bc5 9. g3 b6 10. Bg2 Bb7 11. O-O O-O 12. Na3 Nc6 13. Qb3 Qe7 14. Nc2 a5 15. Qb2
Rfe8 16. Rfb1 e5 17. fxe5 Nxe5 18. Nxe5 Bxg2 19. Kxg2 Qb7+ 20. Kg1 Rxe5 21. e4
Nxe4 22. dxe4 d3+ 23. Ne3 Qxe4 24. Re1 Rae8 25. Ra3 f5 26. Qc3 f4 27. Qxd3 fxe3
0-1